Biblioteka Instytutu Północnego w Olsztynie

Pisma zbiorowe : (Rekord nr 27438)

Szczegóły MARC
000 -Nagłówek
fixed length control field 02307nam a2200421 i 4500
001 - Nr kontrolny bibl., która utworzyła rek.
control field xx005113602
003 - Siglum bibl., której nr kontr. jest w 001
control field NUKAT
005 - Data i czas ostatniej operacji
control field 20260407113857.0
008 - Elementy pola stałej długości
fixed length control field 210416s1937 pl a |001 0 pol c
035 ## - Systemowy numer kontrolny
systemowy numer kontrolny (OCoLC)830190633
035 ## - Systemowy numer kontrolny
systemowy numer kontrolny (NUKAT)xx005113602
040 ## - Instytucja sporządzająca opis
Instytucja, która sporządziła opis WA 392/MD
język katalgowania-trzyzn. kod pol
zasady opisu rda
Instytucja, która sporządziła rekord WA 392/MD
Instytucja, która zmodyfikowała rekord WA 392/TB
041 1# - Kod nazwy języka dokumentu
Język tekstu pol
Language code of original rus
245 00 - Tytuł właściwy i oznaczenie odpow.
tytuł Pisma zbiorowe :
dodatek do tytułu wydanie prac dotychczas drukiem ogłoszonych.
numer części/sekcji pracy T. 7 /
dod. inf. ze s. tyt./ozn. odpow. Józef Piłsudski ; tom niniejszy wstępem zaopatrzył Józef Moszczeński ; okładkę projektował Tadeusz Gronowski. Pochód za Wisłę : wykłady wygłoszone na kursie uzupełniającym Akademii Wojskowej R. K. K. A. w Moskwie, 7-10 lutego 1923 roku / M. Tuchaczewski ; przełożył Antoni Bogusławski.
246 18 - Inne formy tytułu, wariant tytułu
tytuł Pisma zbiorowe Józefa Piłsudskiego
260 ## - Adres wydawniczy
miejsce wydania, dystrybucji itp. Warszawa :
nazwa wydawcy, dystrybutora itp. Instytut Józefa Piłsudskiego Poświęcony Badaniu Najnowszej Historii Polski,
data wydania, dystrybucji itp. 1937
miejsce druku (Kraków :
nazwa drukarni druk W. L. Anczyca i Spółki).
300 ## - Opis fizyczny
objętość i/lub forma materiału [4], 217, [1], V, [1] strona, [1] karta tablic, [9] kart tablic złożonych :
inne szczegóły opisu fizycznego ilustracje (w tym kolorowe) ;
format 23 cm.
336 ## - Content Type
Term Tekst
Code txt
Source rdacontent
337 ## - Media Type
Term Bez urządzenia pośredniczącego
Code n
Source rdamedia
338 ## - Carrier Type
Term Wolumin
Code nc
Source rdacarrier
380 ## - Form of work
Form of work Książki
504 ## - Uwaga o bibliografii
uwaga o bibliografii Indeksy.
505 0# - Uwaga dotycząca zawartości (sformaliz.)
uwaga o zawartości Rok 1920.
600 17 - Hasło przedmiotowe-nazwa osobowa
nazwa osobowa Piłsudski, Józef
daty biograficzne (1867-1935)
określnik rzeczowy myśl polityczna i społeczna.
źródło hasła kaba
9 (RLIN) 39494
650 #7 - Hasło przedmiotowe-nazwa pospolita
nazwa pospolita lub geogr. Wojna polsko-bolszewicka (1919-1920)
źródło hasła DBN
9 (RLIN) 35671
650 #7 - Hasło przedmiotowe-nazwa pospolita
nazwa pospolita lub geogr. Idee polityczne
określnik geograficzny Polska
określnik chronologiczny 1900-1945.
źródło hasła kaba
9 (RLIN) 33151
650 #7 - Hasło przedmiotowe-nazwa pospolita
nazwa pospolita lub geogr. Lata dwudzieste (dwudziesty wiek).
źródło hasła kaba
9 (RLIN) 39502
651 #7 - Hasło przedmiotowe-nazwa geogr.
nazwa geograficzna Polska
określnik chronologiczny 1864-1918 (Okres popowstaniowy).
źródło hasła kaba
9 (RLIN) 35518
651 #7 - Hasło przedmiotowe-nazwa geogr.
nazwa geograficzna Polska
określnik chronologiczny 1918-1939 (II Rzeczpospolita).
źródło hasła kaba
9 (RLIN) 1394
700 1# - Hasło dodatkowe - nazwa osobowa
nazwa osobowa Moszczeński, Józef
daty biograficzne (1894-1957).
rodzaj współpracy Wstęp
9 (RLIN) 39503
700 12 - Hasło dodatkowe - nazwa osobowa
nazwa osobowa Tuhačevskij, Mihail Nikolaevič
daty biograficzne (1893-1937).
tytuł pracy Pohod za Vislu
język pracy (pol.)
9 (RLIN) 35668
700 1# - Hasło dodatkowe - nazwa osobowa
nazwa osobowa Bogusławski, Antoni
daty biograficzne (1889-1956).
rodzaj współpracy Tłumaczenie
9 (RLIN) 35669
700 1# - Hasło dodatkowe - nazwa osobowa
nazwa osobowa Gronowski, Tadeusz
daty biograficzne (1894-1990).
rodzaj współpracy Projekt graficzny
9 (RLIN) 39496
700 12 - Hasło dodatkowe - nazwa osobowa
nazwa osobowa Piłsudski, Józef
daty biograficzne (1867-1935).
tytuł pracy Rok 1920
język pracy (pol.)
9 (RLIN) 35670
710 2# - Hasło dodatkowe - nazwa ciała zbior.
nazwa ciała zbior. lub nazwa geogr. Instytut Józefa Piłsudskiego Poświęcony Badaniu Najnowszej Historii Polski (1936-1939).
rodzaj współpracy Wydawca
kod rodzaju współpracy pbl
9 (RLIN) 7498
710 2# - Hasło dodatkowe - nazwa ciała zbior.
nazwa ciała zbior. lub nazwa geogr. W. L. Anczyc i Spółka.
rodzaj współpracy Druk
kod rodzaju współpracy prt
9 (RLIN) 4292
942 ## - ADDED ENTRY ELEMENTS (KOHA)
Source of classification or shelving scheme Dewey Decimal Classification
Koha item type pozycje dostępne na miejscu
Egzemplarze
Status wycofania Status zagubienia Klasyfikacja Status uszkodzenia Blokada wypożyczeń Kolekcja Lokalizacja macierzysta Lokalizacja bieżąca Data nabycia Numer akcesji Źródło akcesji Nr inwentarzowy il. wypożyczeń Sygnatura Kod kreskowy Date last seen Price effective from Typ egz.
    Dewey Decimal Classification nieuszkodzona   Pracownia Badań Księgozbiorów Historycznych Biblioteka Instytutu Północnego w Olsztynie Pracownia Badań Księgozbiorów Historycznych 07/04/2026 D-21/1964 dar 15379/7   15379/7 IPWK23704 07/04/2026 07/04/2026 pozycje dostępne na miejscu
Biblioteka Instytutu Północnego, ul. Partyzantów 87, 10-402 Olsztyn, email: biblioteka(at)ip.olsztyn.pl